00759nam a2200181 i 450000100060000000300090000600500170001500700030003200800410003510000600007624501620013626000490029830000220034770000370036985200320040699900170043895201220045557444ES-MaACL20230906163558.0t|031016s1970 sp ||||1| spa d1 aDoepfner, Julius cCardenal Arzobispo de Munich.94498613aEl nuevo pueblo de Dios b: una introducción a la constitución dogmática "sobre la Iglesia" / cJulius Döpfner ; [versión José Amor Fernández]. aEstella (Navarra) : bVerbo Divino, c[1970] a141 p. ; c19 cm.1 aAmor Fernández, José.921293 aES-MaACLjC-50598 bR.75308 c57444d57444 00104070aATENEOMbATENEOMcDEPO2d2008-01-17eSCl0oC-50598p1060306r2023-02-23 00:00:00w2023-02-23yMONOGRAFIA